00412nam a22001337a 450000500170000000800410001704100130005808200130007110000120008424500400009626000860013630000300022265000260025220240604095945.0240604b |||||||| |||| 00| 0 eng d aEnglish  a349 LAW  lEnglish aThe Law Reports: Chancery Division  aLondon: bThe Incorporated Council of Law Reporting for England and Wales, c1947 bxii, 794 pages; c25 cm.  aLegal practice bLaw